Письмо Сергея Гадона Марии Васильчиковой

Доступно только в Электронных читальных залах Найти на картеНа карте
RUSMARC
00003561nmc2a2200000 x 450
001b453b25a-47fc-4366-bee1-e7d22c6a83df
00520171113165737.0
100##$a20151127l17161915k l0rusy0189 ca
1010#$arus
102##$aRU
2001#$aПисьмо Сергея Гадона Марии Васильчиковой
$j[1716-1915 гг.]
251##$cДело
300##$aДело
801#0$aRU
$bРГИА
$c20151127
$gRCR
801#1$aRU
$bГлавНИВЦ
$c20151127
$2rusmarc
801#2$aRU
$bПБ им. Б.Н. Ельцина
$c20171113
$gRCR
$2rusmarc
850##$aРГИА
852##$aРГИА
$eФедеральное казенное учреждение "Российский государственный исторический архив" (РГИА)
$j179
937##$hРГИА
$d12148287
$aASBIBLIO_SCAN
462#0$1001cc236dc6-253d-4e80-b0df-11a710bc65d9
$12001
$aАрхив князей Васильчиковых. 1716-1915 гг.
$1251
$cОпись
$1852
$j2
461#0$1001f72a1ecb-9a9a-44e3-87ff-4a647e6521fe
$12001
$aВасильчиковы, князья
$1251
$cФонд
$1852
$j651
215##$a2 л.
$d26,5х20,5 см.
371##$aДокумент не является опубликованным и широко распространяемым
105##$ay###
1220#$ad
035##$ab453b25a-47fc-4366-bee1-e7d22c6a83df
856##$uhttp://readingroom.main.prlib.ru/item.aspx?id_node=n108930087&mode=full
Формат отображения